Tous les premiers picks de Draft NBA - Statistiques

Statistiques générales
  • Ce quiz a été pris 98 fois
  • Le résultat moyen est 18 sur 77
Statistiques - réponses
Hint Réponse Légende % Correct
2003 LeBron James ROTY
90%
2023 Victor Wembanyama
89%
2022 Paolo Banchero ROTY
71%
2019 Zion Williamson
69%
2011 Kyrie Irving ROTY
64%
1984 Hakeem Olajuwon HOF
61%
2020 Anthony Edwards
58%
2021 Cade Cunningham
58%
1992 Shaquille O'Neal HOF / ROTY
56%
1979 Magic Johnson HOF
51%
2016 Ben Simmons ROTY
49%
2008 Derrick Rose ROTY
49%
1991 Larry Johnson ROTY
49%
2012 Anthony Davis
48%
1997 Tim Duncan HOF / ROTY
48%
1996 Allen Iverson HOF / ROTY
46%
2018 DeAndre Ayton
46%
2007 Greg Oden
46%
2015 Karl-Anthony Towns ROTY
45%
1987 David Robinson HOF / ROTY
44%
1994 Glenn Robinson
44%
2017 Markelle Fultz
43%
2014 Andrew Wiggins ROTY
42%
2009 Blake Griffin ROTY
38%
2013 Anthony Bennett
37%
2004 Dwight Howard
35%
2002 Yao Ming HOF
33%
1966 Cazzie Russell
32%
1985 Patrick Ewing HOF / ROTY
32%
2010 John Wall
25%
1960 Oscar Robertson HOF / ROTY
20%
2001 Kwame Brown
19%
2006 Andrea Bargnani
18%
1969 Lew Alcindor HOF / ROTY
18%
1993 Chris Webber HOF / ROTY
17%
2005 Andrew Bogut
15%
1958 Elgin Baylor HOF / ROTY
15%
1974 Bill Walton HOF
14%
1995 Joe Smith
12%
1975 David Thompson HOF
11%
1982 James Worthy HOF
11%
1978 Mychal Thompson
11%
1956 Sihugo Green
11%
2000 Kenyon Martin
8%
1972 LaRue Martin
8%
1983 Ralph Sampson HOF / ROTY
8%
1968 Elvin Hayes HOF
7%
1998 Michael Olowokandi
7%
1999 Elton Brand ROTY
6%
1970 Bob Lanier HOF
5%
1964 Jim Barnes
4%
1967 Jimmy Walker
2%
1990 Derrick Coleman ROTY
1%
1976 John Lucas
1%
1989 Pervis Ellison
1%
1961 Walt Bellamy HOF / ROTY
1%
1948 Andy Tonkovich
0%
1963 Art Heyman
0%
1971 Austin Carr
0%
1962 Bill McGill
0%
1959 Bob Boozer
0%
1986 Brad Daugherty
0%
1950 Charlie Share
0%
1947 Clifton McNeely
0%
1988 Danny Manning
0%
1955 Dick Ricketts
0%
1973 Doug Collins
0%
1954 Frank Selvy
0%
1965 Fred Hetzel
0%
1951 Gene Melchiorre
0%
1949 Howie Shannon
0%
1980 Joe Barry Carroll
0%
1977 Kent Benson
0%
1981 Mark Aguirre
0%
1952 Mark Workman
0%
1953 Ray Felix ROTY
0%
1957 Rod Hundley
0%
Aucun quiz correspondant
Distribution des résultats
% des personnes avec chaque résultat
Percentile par nombre de réponses
Votre historique - résultats
Vous n’avez pas pris ce quiz